<?xml version="1.0" encoding="UTF-8"?>
<record
    xmlns:xsi="http://www.w3.org/2001/XMLSchema-instance"
    xsi:schemaLocation="http://www.loc.gov/MARC21/slim http://www.loc.gov/standards/marcxml/schema/MARC21slim.xsd"
    xmlns="http://www.loc.gov/MARC21/slim">

  <leader>01478nam a22002057a 4500</leader>
  <controlfield tag="005">20231102121717.0</controlfield>
  <controlfield tag="008">231026b           ||||| |||| 00| 0 eng d</controlfield>
  <datafield tag="020" ind1=" " ind2=" ">
    <subfield code="a">9781803368405</subfield>
  </datafield>
  <datafield tag="040" ind1=" " ind2=" ">
    <subfield code="c">AL</subfield>
  </datafield>
  <datafield tag="041" ind1=" " ind2=" ">
    <subfield code="a">eng</subfield>
  </datafield>
  <datafield tag="082" ind1=" " ind2=" ">
    <subfield code="2">23</subfield>
    <subfield code="a">813.6</subfield>
    <subfield code="b">SCHF</subfield>
  </datafield>
  <datafield tag="100" ind1=" " ind2=" ">
    <subfield code="a">Schwab V E</subfield>
    <subfield code="9">139597</subfield>
  </datafield>
  <datafield tag="245" ind1=" " ind2=" ">
    <subfield code="a">Fragile threads of power</subfield>
  </datafield>
  <datafield tag="260" ind1=" " ind2=" ">
    <subfield code="a">London</subfield>
    <subfield code="b">Titan Books</subfield>
    <subfield code="c">2023</subfield>
  </datafield>
  <datafield tag="300" ind1=" " ind2=" ">
    <subfield code="a">575p.</subfield>
    <subfield code="b">PB</subfield>
    <subfield code="c">19.7x13cm.</subfield>
  </datafield>
  <datafield tag="365" ind1=" " ind2=" ">
    <subfield code="2">General</subfield>
    <subfield code="a">BLCR-000056</subfield>
    <subfield code="b">&#x20B9;594.00</subfield>
    <subfield code="c">&#x20B9;</subfield>
    <subfield code="d">&#x20B9;699.00</subfield>
    <subfield code="e">15%</subfield>
    <subfield code="f">17-10-2023</subfield>
  </datafield>
  <datafield tag="520" ind1=" " ind2=" ">
    <subfield code="a">Seven years have passed since the doors between the worlds were sealed. Seven years since Kell, Lila and Holland stood against Osaron, a desperate battle that saved the worlds of Red, Grey and White London. Seven years since Kell&#x2019;s magic was shattered, and Holland lost his life. Now Rhy Maresh rules Red London with his new family &#x2013; his queen, Nadiya, their daughter Ren, and his consort, Alucard. But his city boils with conspiracy and rebellion, fuelled by rumours he is causing magic to fade from the word. Now Kosika, a child Antari, sits on the throne of White London. The queen leads her people in new rituals of sacrifice and blood in devotion to the altar of Holland Vosijk, summoning vast power she may not be able to control. Now Lila and Kell, living free on the waves, are charged by the captain of the Floating Market to retrieve an immensely powerful artefact, stolen by secretive forces.</subfield>
  </datafield>
  <datafield tag="650" ind1=" " ind2=" ">
    <subfield code="2">Literature</subfield>
    <subfield code="a">American Fiction</subfield>
    <subfield code="9">139598</subfield>
  </datafield>
  <datafield tag="942" ind1=" " ind2=" ">
    <subfield code="2">ddc</subfield>
    <subfield code="c">BK</subfield>
  </datafield>
  <datafield tag="999" ind1=" " ind2=" ">
    <subfield code="c">229030</subfield>
    <subfield code="d">229030</subfield>
  </datafield>
  <datafield tag="952" ind1=" " ind2=" ">
    <subfield code="0">0</subfield>
    <subfield code="1">0</subfield>
    <subfield code="2">ddc</subfield>
    <subfield code="4">0</subfield>
    <subfield code="7">0</subfield>
    <subfield code="8">GEN</subfield>
    <subfield code="a">SACPG</subfield>
    <subfield code="b">SACPG</subfield>
    <subfield code="d">2023-10-25</subfield>
    <subfield code="e">Navakarnataka Publications Pvt. Ltd</subfield>
    <subfield code="g">594.00</subfield>
    <subfield code="l">0</subfield>
    <subfield code="o">813.6 SCHF</subfield>
    <subfield code="p">PG024425</subfield>
    <subfield code="r">2023-10-26 00:00:00</subfield>
    <subfield code="v">699.00</subfield>
    <subfield code="w">2023-10-26</subfield>
    <subfield code="y">BK</subfield>
  </datafield>
</record>
